000 00674nam a22002177a 4500
005 20260212065223.0
008 260212b |||||||| |||| 00| 0 eng d
020 _a9780803699069
050 _a RT89
_b..C76 2020
100 _aCrowell, Diana M.
245 _aComplexity leadership :
_b nursing's role in health care delivery /
250 _a3rd edition
260 _a Philadelphia, PA :
_bF.A. Davis,
_c2020.
300 _axi, 228 p. :
_b ill. ;
_c23 cm.
500 _a Includes bibliographical references and index.
650 _aNurse administrators
650 _aNurse Administrators.
650 _a Leadership.
700 _aBoynton, Beth
942 _2lcc
_cBK
999 _c60171
_d60171